Southville International School and Colleges
Your cart is empty.
  • Cart
  • Lists
    Public lists Eva Luna New books Lux_list list_1
    Your lists Log in to create your own lists
  • Log in to your account
  • Your cookies
  • Search history
Southville International School and Colleges
  • Advanced search
  • Recent comments
  • Most popular
  • Libraries

Log in to your account

Log in with GOOGLE


If you do not have an external account, but do have a local account, you can still log in:

  1. Home
  2. MARC view: Floating bananas /
Normal view MARC view ISBD view

Floating bananas / (Record no. 104227)

[ view plain ]
MARC details
000 -LEADER
fixed length control field 00497nam a2200181 a 4500
005 - DATE AND TIME OF LATEST TRANSACTION
control field 20140412111316.0
008 - FIXED-LENGTH DATA ELEMENTS--GENERAL INFORMATION
fixed length control field 010307s19uu xx 00 eng d
020 ## - INTERNATIONAL STANDARD BOOK NUMBER
International Standard Book Number 0-307-30139-7
050 ## - LIBRARY OF CONGRESS CALL NUMBER
Classification number ER
Item number Fl65 1993
100 ## - MAIN ENTRY--PERSONAL NAME
Personal name Scarry, Richard
245 ## - TITLE STATEMENT
Title Floating bananas /
Statement of responsibility, etc Richard Scarry.
260 ## - PUBLICATION, DISTRIBUTION, ETC. (IMPRINT)
Place of publication, distribution, etc New York :
Name of publisher, distributor, etc A Golden Book,
Date of publication, distribution, etc 1993.
300 ## - PHYSICAL DESCRIPTION
Extent 1 v. (unp.) ; ill.
650 ## - SUBJECT ADDED ENTRY--TOPICAL TERM
Topical term or geographic name as entry element Banana stories -- Fiction
650 ## - SUBJECT ADDED ENTRY--TOPICAL TERM
Topical term or geographic name as entry element Gorilla stories -- Fiction
Holdings
Withdrawn status Lost status Damaged status Use restrictions Home library Current library Shelving location Date acquired Source of acquisition Total Checkouts Full call number Barcode Date last seen Price effective from Koha item type
        Elizalde Library Elizalde Library Easy Reading Section 03/07/2001     ER Fl65 1993 E7056 04/12/2014 04/12/2014 Books
        Elizalde Library Elizalde Library Easy Reading Section 07/19/2001     ER Fl65 1993 E5920 04/12/2014 04/12/2014 Books

Floating bananas /

APA

Scarry R., . (1993). Floating bananas. New York: A Golden Book.

Chicago

Scarry Richard, . 1993. Floating bananas. New York: A Golden Book.

Harvard

Scarry R., . (1993). Floating bananas. New York: A Golden Book.

MLA

Scarry Richard, . Floating bananas. New York: A Golden Book. 1993.

  • Place hold
  • Print
  • Cite
  • Add to your cart (remove)
  • Save record
    BIBTEX Dublin Core MARCXML MARC (non-Unicode/MARC-8) MARC (Unicode/UTF-8) MARC (Unicode/UTF-8, Standard) MODS (XML) RIS
  • More searches
    Search for this title in:
    Other Libraries (WorldCat) Other Databases (Google Scholar) Online Stores (Bookfinder.com) Open Library (openlibrary.org)

Exporting to Dublin Core...

SOUTHVILLE LIBRARY

Southville International School and Colleges Library

1281 Tropical Ave. Cor. Luxembourg St., BF Homes International, Las Pinas City

Tel. No. 8256374 / 252358 Loc. 117/146

Powered by Koha